| 000 | 00392 a2200157 4500 | ||
|---|---|---|---|
| 999 |
_c12846 _d12846 |
||
| 003 | OSt | ||
| 005 | 20240729164401.0 | ||
| 008 | 240729b ||||| |||| 00| 0 eng d | ||
| 020 | _a 978-1398828049 | ||
| 082 | _a742 | ||
| 100 | _aJennifer Crouch | ||
| 245 | _aLife Drawing: A Complete Guide to Drawing People | ||
| 260 |
_b ARCTURUS PUBLISHING _c2024 |
||
| 300 | _a208p; | ||
| 942 | _2ddc | ||